Robert Gabriel Mugabe Int. Airport Destinations (Harare, Zimbabwe) - Statistics

General Stats
  • This quiz has been taken 73 times
    30 since last reset
  • The average score is 14 of 17
Answer Stats
Airline Destination % Correct
Ethiopian Airlines Addis Ababa
100%
Air Tanzania/Air Zimbabwe Dar es Salaam
100%
Kenya Airways Nairobi (Jomo Kenyatta)
100%
Qatar Airways Doha
96%
Emirates Dubai (International)
96%
Air Zimbabwe/Airlink/CemAir/Fastjet Zimbabwe/FlySafair/South African Airways Johannesburg (O.R. Tambo)
96%
Airlink Cape Town
92%
TAAG Angola Airlines Luanda
92%
Airlink Durban
88%
Air Botswana Gaborone
88%
RwandAir Kigali
80%
Uganda Airlines Entebbe
76%
Malawian Airlines Lilongwe
76%
Fastjet Zimbabwe/Kenya Airways/Malawian Airlines/Zambia Airways Lusaka
76%
Air Zimbabwe/Fastjet Zimbabwe Bulawayo
56%
Air Zimbabwe Victoria Falls
48%
Eswatini Air Manzini
32%
No matching quizzes found
Score Distribution
Percent of People with Each Score
Percentile by Number Answered
Your Score History
You have not taken this quiz since the last reset